[Event "Olympiad-34"]
[Site "Istanbul"]
[Date "2000.11.06"]
[Round "9.1"]
[White "Annageldyev, Orazly"]
[Black "Rogers, Ian"]
[Result "0-1"]
[WhiteElo "2491"]
[BlackElo "2558"]
[Annotator "Tsesarsky,I"]
[PlyCount "74"]
[EventDate "2000.10.28"]
[EventType "team-swiss"]
[EventRounds "14"]
[EventCountry "TUR"]
[SourceTitle "EXT 2001"]
[Source "ChessBase"]
[SourceDate "2000.11.22"]
[SourceVersion "1"]
[SourceVersionDate "2000.11.22"]
[SourceQuality "1"]
[WhiteTeam "Turkmenistan"]
[BlackTeam "Australia"]
[WhiteTeamCountry "TKM"]
[BlackTeamCountry "AUS"]

1. d4 Nf6 2. Bg5 e6 3. e4 h6 4. Bxf6 Qxf6 5. Nf3 d6 6. Nc3 Nd7 7. Qd2 a6 8.
O-O-O Qd8 (8... g5 $5 9. e5 (9. Kb1 b5 $5 10. Bxb5 axb5 11. Nxb5 Qd8 (11... Kd8
12. Qc3 c5 13. e5 $1 $13) 12. Qc3 Ke7 13. Nxc7 Rb8 $17) 9... Qg7 (9... dxe5 $6
10. Nxe5 Bg7 11. g3 Qe7 12. f4 $14) 10. g4 {-see comments to the game  0-1
Zalkind,K-Tsesarsky,I/Petah-Tikva 1999/CBM 71/[Tsesarsky] (30)}) (8... Qe7 9.
Bd3 g6 {-see commented game 1-0 Yusupov,A-Bischoff,K/Munich 1990/Inf 49 (33) 
[Yusupov,A]}) 9. e5 {This move idea is to recieve French opening pawn
structure and to avoid Sicilian one after eventual c7-c5.} (9. Qe3 Be7 10. h4
c5 11. dxc5 Nxc5 {This Sicilian pawn structre we can meet very often in this
variation - see next games in opening review.} 12. Ne5 Qc7 $132 {1/2-1/2
Elwert,H-Lex,C/cr QTV-28 Harburg-Bad Kreuznach [1] 1991 (15)}) (9. Kb1 b5 10.
h4 Bb7 11. Qe3 (11. d5 e5 12. Ne2 c6 $132 {0-1 Nilssen,J-Hansen,C/VISA
ch-Nordic, Reykjavic ISL 1997/ (23)}) 11... Be7 12. g3 b4 13. Ne2 Nf6 14. Nd2
Qb8 $132 {1/2-1/2 Pribyl,J-Kengis,E/Yurmala Latvia 1987/ (17)}) (9. g4 Be7 (
9... c5 10. dxc5 Nxc5 11. Ne5 Qc7 $11 {1/2-1/2 Garcia Albarracin,F-Vehi Bach,V/
Barcelona ESP 2000/The Week in Chess 303 (71)}) 10. h4 b5 11. Bg2 (11. h5 c5
12. Kb1 cxd4 13. Qxd4 Bb7 $132 {1-0 Tikkanen,K-Nieminen,K/Finland 1997] (59)})
11... Nb6 12. g5 Bb7 13. Qf4 b4 $132 {1-0 Lumley,W-Franklin,M/cr ENG 1994/ (41)
}) (9. g3 c5 (9... Be7 10. h4 c5 11. Bg2 Qc7 12. Rhe1 b5 13. dxc5 Nxc5 {
0-1 Hellstrom,A-Bergstrom,R/Open, Roskilde DEN 1998/ (38)}) 10. dxc5 Nxc5 11.
Ne5 b5 12. Nd3 Qb6 $132 {0-1 Fernandez,A-Marin,M/Benasque op 1996/EXP 53/(43)})
(9. Ne1 c5 10. dxc5 Nxc5 11. Nd3 Qc7 $11 {1-0 Marzolo,C-Kosten,A/Monaco MCO
1999/ (35)}) (9. h4 {- another popular continuation, for example 0-1 Hodgson
Julian M-Miles Anthony J/Kuala Lumpur 1992 (33)}) 9... d5 ({More flexible was} 
9... Be7 $5 10. h4 b5 11. Bd3 Bb7 $132) 10. h4 (10. Bd3 Bb4 11. a3 Be7 12. h4
c5 13. dxc5 Qc7 14. Qf4 Nxc5 15. Qg4 Kf8 16. Rh3 Bd7 $132 {1-0 Szeberenyi,
A-Balogh,C/Budapest HUN 2000 (38)}) 10... b5 11. Ne2 Nb6 ({Another plan is
standard} 11... c5 $5 12. g4 (12. c3 Qa5 13. Kb1 cxd4 14. cxd4 Bb4 15. Qc2 Nb6
16. Rc1 Bd7 $15) 12... Bb7 13. Bg2 Rc8 $132) 12. Nf4 Nc4 {I am not sure that
this plan is the best.} 13. Bxc4 bxc4 {Without N more difficult for Black to
create Attack on the queenside} (13... dxc4 $6 14. d5 Bc5 (14... exd5 15. Qxd5
(15. Nxd5 Be6 16. Nf4 Qxd2+ 17. Rxd2 c3 $1 $15) 15... Qxd5 16. Nxd5 Ra7 17. Nd4
Bd7 18. f4 c6 19. Ne3 $14) 15. dxe6 $14) 14. Nh5 Qd7 15. Qc3 ({Interesting also
} 15. Rh3 Rb8 (15... Qa4 16. Kb1 Rb8 17. Rg3 Rh7 18. Ka1 c5 19. dxc5 Kd8 20. c3
Rb5 21. Rg4 $1 Rxc5 (21... Ra5 22. b4 $1 $16) 22. b3 Qb5 (22... Qa3 23. Rxc4
Rxc4 24. bxc4 $16) 23. b4 Rc7 24. Qc2 $1 {[%csl Rg7][%cal Gc2h7,Gg4g7]} g6 25.
Nf6 $16) 16. Rg3 Rh7 17. Qc3 (17. c3 Qa4 $19) (17. Kb1 Qb5 18. Qc3 Bb4 19. Qe3
Kf8 $17) 17... Qa4 18. a3 c5 19. Rg4 Qb5 $132) 15... Rb8 16. a3 Qb5 ({I can
recommend next plan for Black:} 16... Qa4 $5 17. Rh3 a5 {[%cal Gf8b4] With
idea Bb4} 18. Rg3 Rh7 19. Rg4 (19. Nd2 Bb4 20. axb4 (20. Qe3 c3 $19) 20... axb4
21. Qe3 (21. b3 Qa7 22. Qb2 c3 $19) 21... Qa1+ 22. Nb1 c3 $19) 19... Ba6 (19...
Bb4 20. axb4 (20. Qe3 c3 $19) 20... axb4 21. Qe3 (21. b3 Qa5 22. Qe3 c3 $19)
21... Qa1+ (21... Kf8 22. Kd2 $16) 22. Kd2 Qxb2 23. Rxg7 Rxg7 24. Nxg7+ Kf8 25.
Qxh6 $18) 20. Nd2 Bb4 21. Qf3 $1 Bf8 $132) 17. Rh3 Rb6 18. Rg3 g6 $2 $16 {
This move permits to White to increase pressure and to penetrate N on f6
weakness.} (18... Rh7 $142 $132 {[%cal Ga6a5,Gc7c5]}) 19. Nf6+ Kd8 20. h5 g5
21. Ng1 {[%cal Gg1e2,Gf2f4]} a5 22. Ne2 Ba6 23. f4 gxf4 24. Nxf4 Kc8 25. Ng6 $2
$132 {Interesting but not effective piece sacrifice} ({I can offer for White
next plan:} 25. Rg4 {[%cal Gd1f1,Gf1f3,Gf3g3,Gg4g8]} c5 26. Ne2 Kb8 27. Rf1 {
and here White's pressure on the kingside is very strong:} cxd4 28. Nxd4 Qa4
29. Rf3 Ka8 ({Or} 29... Ka7 30. Rg8 Rxg8 31. Nxg8 {[%csl Rf7]} f5 32. g4 $1 $16
) 30. Rfg3 Be7 31. Rg8+ Rxg8 32. Rxg8+ Ka7 33. Rg7 $16) 25... fxg6 26. hxg6 {
[%cal Gg6g7]} Bg7 27. Nh5 Rg8 28. Rf1 {[%csl Rg7][%cal Gf1f7]} Bxe5 $1 {
Unexpected objection!} (28... c5 29. Nxg7 Rxg7 30. Rf8+ Kd7 $1 31. Rf7+ Rxf7
32. gxf7 Ke7 33. f8=Q+ $18) 29. dxe5 $4 $19 ({To find} 29. g7 $3 {was not easy.
..} Kb7 (29... Bd6 30. Nf6 Rxg7 31. Rxg7 Qxb2+ 32. Qxb2 Rxb2 33. Kxb2 c3+ 34.
Kxc3 Bxf1 35. a4 $14) (29... Bxg3 30. Rf8+ Kd7 31. Rxg8 Be1 $1 32. Rd8+ Kc6 33.
g8=Q Bxc3 34. Qxe6+ Kb7 35. Qc8+ Kc6 $11) 30. Rf8 Rxg7 31. Rxg7 (31. dxe5 Rxg3
32. Nxg3 Qc5 $17) 31... Bxg7 32. Nxg7 e5 $1 33. Nf5 (33. dxe5 Qc5 34. Rf1 d4
$17) 33... e4 $44) 29... d4 $1 30. a4 (30. Qxd4 c3 $19 {[%csl Rb2,Rf1]}) 30...
Qxe5 31. Qf3 d3 {[%csl Rb2]} 32. c3 Bb7 {[%csl Rh5]} 33. Qd1 d2+ 34. Qxd2 (34.
Kb1 Be4+ 35. Ka1 Rxg6 $19) 34... Qxh5 35. g7 Qe8 36. Qf4 Rd6 37. Qxc4 Ba6 0-1

[Event "Olympiad-34"]
[Site "Istanbul"]
[Date "2000.11.05"]
[Round "8.3"]
[White "Limp, Eduardo Thelio"]
[Black "Kaidanov, Gregory S"]
[Result "0-1"]
[WhiteElo "2480"]
[BlackElo "2624"]
[Annotator "Tsesarsky,I"]
[PlyCount "88"]
[EventDate "2000.10.28"]
[EventType "team-swiss"]
[EventRounds "14"]
[EventCountry "TUR"]
[SourceTitle "EXT 2001"]
[Source "ChessBase"]
[SourceDate "2000.11.22"]
[SourceVersion "1"]
[SourceVersionDate "2000.11.22"]
[SourceQuality "1"]
[WhiteTeam "Brazil"]
[BlackTeam "US of America"]
[WhiteTeamCountry "BRA"]
[BlackTeamCountry "USA"]

1. d4 e6 2. Nf3 c5 3. c3 Nf6 4. Bg5 h6 5. Bxf6 Qxf6 6. e3 $6 {This modest move
can't justify Bc1 for Nf6 exchange.} (6. e4 {-mainline. This variation, of
course, more active than 6.e3, but Black equalizes without problems also.})
6... Nc6 (6... cxd4 7. exd4 b6 8. Nbd2 Bb7 9. Bd3 g6 10. Qe2 Bg7 11. O-O O-O
12. a4 $11 {1/2-1/2 Ignatescu,R-Bojkovic,N/Mamaia 1991/EXT 97 (28)}) (6... Qd8
7. Bd3 Be7 8. O-O d6 9. dxc5 dxc5 10. Qe2 O-O 11. Nbd2 Qc7 $11 {1/2-1/2 Wehe,
M-Bethe,S/Germany 1994/EXT 99 (21)}) (6... b6 7. Bd3 Bb7 8. Nbd2 Qd8 9. Be4
Bxe4 10. Nxe4 d5 11. Ned2 cxd4 12. cxd4 Bd6 13. Qa4+ $11 {0-1 Horakova,
D-Ptacnikova,L/Prerov 1995/EXT 98 (29)}) 7. Nbd2 (7. Bd3 d5 8. Nbd2 Bd6 9. dxc5
(9. O-O cxd4 10. exd4 g5 11. Qe2 g4 12. Ne1 Qg5 13. g3 Bd7 14. f4 gxf3 15.
Nexf3 Qg7 16. Rae1 O-O-O $15 {0-1 Peisser,M-Balinov,I/Graz 1997/EXT 2000 (52)})
9... Bxc5 10. e4 O-O 11. O-O Bd7 (11... Bb6 12. Qe2 Bd7 13. Rad1 Rad8 14. Rfe1
dxe4 15. Qxe4 g6 16. Nc4 Bc7 17. Nce5 $11 {1/2-1/2 Koenig,D-Dautov,R/Bad
Wiessee 1997/CBM 61 ext (52)}) 12. Qe2 Qf4 13. e5 f6 14. Nb3 Bb6 15. exf6 Rxf6
$15 {0-1 Riis,S-Crawley,G/Copenhagen 1987/EXT 97 (31)}) 7... d5 8. Be2 $6 $15 {
Passive move.} ({Or} 8. Bb5 $6 Bd6 9. e4 cxd4 10. cxd4 dxe4 11. Qa4 (11. Bxc6+
bxc6 12. Qa4 exf3 13. Qxc6+ Ke7 14. Qxa8 Qxd4 15. Qxf3 Qxb2 16. Rb1 Qxa2 17.
Qc3 Bf4 $15) 11... exf3 12. Bxc6+ Ke7 13. Ne4 (13. Bxf3 Bd7 14. Qb3 Qxd4 $15)
13... Qg6 $1 (13... fxg2 14. Nxf6 gxh1=Q+ 15. Bxh1 gxf6 16. Rc1 Rg8 17. Ke2 Bd7
18. Qb3 Rab8 $44 {0-1 Sandor,J-Kiselev,S/Budapest 1990/CBM 17 ext (32)}) 14.
Nxd6 bxc6 15. Qxc6 (15. Nxc8+ Rhxc8 16. gxf3 Kf8 $17) 15... Qxg2 16. Rf1 Bd7
17. Qc5 Qxh2 $1 18. Nf5+ Kf6 19. Ng3 Kg6 20. Rh1 Qg2 21. Qh5+ Kf6 22. Rh4 Ke7
23. Rf4 f5 $17) ({White can equalize after} 8. Bd3 {[%cal Ge3e4,Gd1e2]} Bd6 9.
dxc5 Bxc5 10. e4 $11) 8... Bd6 9. O-O O-O 10. Re1 (10. dxc5 Bxc5 11. e4 Rd8 $15
) 10... Rd8 11. Qc2 b6 {Black delays activity in the centre.} ({In couple of
games I played here in the same positions} 11... e5 $5 $15 {with stable space
advantage and pair of BB.}) 12. Rad1 Bb7 13. Qb1 Rac8 14. Bf1 Bb8 15. g3 Bd6 {
2 tempi here are not important.} 16. Bg2 a5 17. a3 ({Release try after} 17. e4
$5 cxd4 {wouldn't successful:} 18. cxd4 (18. exd5 exd5 19. cxd4 Nxd4 20. Nxd4
Qxd4 21. Ne4 Qb4 22. a3 Qb3 23. Nxd6 Rxd6 24. Re7 $15) 18... dxe4 19. Nxe4 Qg6
20. Nh4 Qh7 21. Nxd6 Qxb1 22. Rxb1 Rxd6 $15 {[%csl Rd4]}) 17... Bf8 {Black
doesn't know now, how to increase his small advantage.} 18. Bf1 Rc7 19. Bg2 Ba6
{[%cal Gb6b5] Black prepares activity on the queenside, e6-e5 promotion is
delayed again.} 20. a4 $5 {[%csl Gb5]} Rb8 {[%cal Gb6b5]} 21. Bf1 Bxf1 22. Rxf1
b5 {After b-file opening Black will double RR on this file with pressure on
Pb2.} 23. axb5 Rxb5 24. Qa2 c4 (24... Rcb7 $15) 25. Rb1 Rcb7 26. Qa4 $6 $17 ({
Much better was} 26. e4 $1 Qg6 27. exd5 exd5 28. b3 cxb3 29. Rxb3 Rxb3 30. Nxb3
Qd3 31. Nbd2 Rb5 (31... Qxc3 32. Qxd5 Rb4 33. Kg2 $15) 32. Rc1 Bd6 $15) 26...
Qf5 27. Rfc1 (27. e4 dxe4 28. Nh4 Qd5 $17) 27... Qd3 $1 28. Nf1 (28. Re1 Ne7 (
28... g5 29. e4 Rxb2 30. Rxb2 Rxb2 31. exd5 exd5 32. Qxc6 g4 33. Re3 Qf5 34.
Re5 Qd3 35. Re3 Qf5 $11) 29. Qa2 (29. e4 Rxb2 30. Rxb2 Rxb2 31. Re3 Qc2 $19)
29... g5 {[%csl Rd2][%cal Gg5g4]} 30. h3 h5 $17) 28... Bd6 29. Ne1 (29. N3d2
Nb8 30. Qa2 f5 $17) 29... Qf5 30. Rc2 e5 $1 {Delayed move played after a long
time. Black increases space advantage.} 31. Rd1 $2 $19 ({The only chance of
resistance was} 31. dxe5 Nxe5 32. Kg2 (32. Qa1 {[%tqu "En","?","","","d5d4","",
10,"e5f3","",0]} d4 $3 (32... Nf3+ 33. Nxf3 Qxc2 34. Nd4 Qg6 35. Nxb5 Rxb5 36.
Qa4 $1 $132) 33. exd4 Nf3+ 34. Nxf3 Qxc2 $19) 32... Qe4+ 33. f3 Qf5 $17) 31...
e4 {[%csl Re1,Rf1]} 32. Rdd2 {White had to choke in vacuum space.} Nd8 $1 {
[%cal Gd8e6,Ge6g5] good manoeuvre!} 33. Kg2 Ne6 34. Qa1 Ng5 35. Qd1 Qh3+ 36.
Kg1 a4 {White in zugzvang.} 37. f4 (37. Qe2 a3 $1 38. bxa3 Rb1 $1 39. Rd1 Rxd1
40. Qxd1 Rb1 41. Qxb1 (41. Qe2 Rxe1 $19) 41... Nf3+ 42. Nxf3 exf3 $19) 37...
exf3 38. Nxf3 Ne4 39. Rg2 a3 $1 {We already saw this break.} 40. bxa3 Rb1 41.
Qe2 Ra1 ({Or} 41... Bxa3 42. N3d2 Nxd2 43. Rxd2 (43. Qxd2 Rxf1+ 44. Kxf1 Rb1+
45. Kf2 Qf5+ 46. Ke2 Qf1# $1) 43... Bb2 (43... R7b3 44. e4 Rxc3 45. exd5 Qf5
46. Qe8+ Kh7 47. Rgf2 Qxd5 $17) 44. Rxb2 R7xb2 45. Qxb2 Rxb2 46. Rxb2 Qf5 $19 {
[%csl Rc3][%cal Gf5d3]}) 42. N3d2 Nxd2 43. Rxd2 Rbb1 44. Rf2 Bxg3 (44... Bxg3
45. hxg3 Qxg3+ 46. Kh1 (46. Rg2 Rxf1+ 47. Qxf1 Qxe3+ $19) 46... Re1 $19) 0-1

[Event "EU-ch 2nd"]
[Site "Ohrid"]
[Date "2001.06.02"]
[Round "2"]
[White "Miladinovic, Igor"]
[Black "Beliavsky, Alexander G"]
[Result "1/2-1/2"]
[WhiteElo "2519"]
[BlackElo "2638"]
[Annotator "Tsesarsky,I"]
[PlyCount "253"]
[EventDate "2001.06.01"]
[EventType "swiss"]
[EventRounds "13"]
[EventCountry "YUG"]
[SourceTitle "CBM 084"]
[Source "ChessBase"]
[SourceDate "2001.09.13"]
[SourceVersion "1"]
[SourceVersionDate "2001.09.13"]
[SourceQuality "1"]

{[%mdl 4096]} 1. d4 Nf6 2. Bg5 e6 3. e3 h6 4. Bh4 c5 5. c3 b6 6. Nd2 Bb7 7.
Ngf3 Be7 8. Bg3 ({Another mainlines are} 8. h3) (8. a4) 8... O-O (8... d6 9.
Bd3 Nh5 10. Qe2 Nd7 11. O-O-O a6 12. Ne1 Nxg3 13. hxg3 cxd4 14. exd4 Nf6 $11 {
0-1 Horvath,P-Tompa,J/HUN-chT 9394 1994/TD (29)}) 9. Bd3 (9. h3 cxd4 10. cxd4
Ne4 11. Nxe4 Bxe4 12. a3 d6 {1/2-1/2 Sorensen,H-Brinck Claussen,B/Farum 1993/
TD (12)}) (9. Be2 d6 10. h3 Nbd7 11. O-O a6 12. Qc2 Rc8 13. Rad1 $11 {1/2-1/2
Jones,I-Rossiter,P/England 1998/EXT 99 (34)}) 9... d6 (9... Nc6 10. Rc1 (10.
O-O Rc8 11. h3 d6 12. Re1 Rc7 13. Nc4 Rd7 14. a4 Qa8 15. a5 b5 16. a6 bxc4 17.
axb7 Rxb7 18. Bxc4 Rxb2 $15 {0-1 Heyl,T-Huber,G/Richmond 1999/EXT 2000 (36)})
10... cxd4 11. exd4 d6 12. O-O Nb8 13. Bb1 Nbd7 14. Re1 Rc8 15. Qc2 Re8 16. h3
Nf8 17. Bh2 Rc7 $132 {0-1 Szuhai,B-Feher,A/HUN 1993/TD (36)}) 10. h3 Ba6 (10...
Nc6 11. O-O Qd7 $132 (11... cxd4 12. exd4 e5 $6 13. dxe5 dxe5 14. Qe2 Nh5 15.
Bh2 Bd6 16. Rad1 Qe7 17. Nc4 $16 {1/2-1/2 Horvath,P-Szieberth,A/HUN 1995/EXT
99 (71)})) 11. Bxa6 Nxa6 12. Qe2 Qc8 $11 {Black equalized, this modest opening
variation can't bring something to White.} 13. O-O Qb7 14. a4 Rac8 15. Rfe1 Nb8
16. e4 cxd4 17. Nxd4 (17. cxd4 $6 Rc2 $15) 17... Rfd8 ({Equal position after} 
17... d5 $11 {but Black doesn't want to satisfy by draw and tries to find ways
to complicate the game.}) 18. N2f3 Nc6 ({Worth of attention} 18... Nbd7 19. c4
Re8 $132) 19. Nxc6 Rxc6 20. e5 dxe5 21. Bxe5 Rc5 22. Nd4 (22. Rad1 Rcd5 23.
Rxd5 Qxd5 24. c4 Qd3 25. Qxd3 Rxd3 26. Bc3 Nd7 27. Kf1 $11) 22... Nd7 23. Bg3
Nf8 24. Qe4 Qd7 {Black avoids further position simplify} ({in case of} 24...
Qxe4 25. Rxe4 Bf6 26. Nf3 Ng6 27. Kf1 Rcd5 28. Ke2 $11) 25. Qf3 $6 $15 {
White plays without certain plan. Black occupied d-line and will repel Nd4
very soon.} ({Right was} 25. Nf3 Ng6 26. c4 Bf6 27. Qc2 Qd3 28. Rac1 $132)
25... Ng6 ({Or} 25... Bf6 $1 $15) 26. Re4 $2 $17 ({Better was to recognize
previous mistake:} 26. Qe2 Bf6 27. Nf3 Rd5 28. c4 Rd3 29. a5 $15) 26... Rd5 27.
Rae1 Bc5 $6 {Black threats to capture on d4, N had to retreat} ({I would prefer
} 27... Bf6 {-with the same idea} 28. Nb5 Rd2 29. b3 a6 30. Nc7 Qd3 31. R4e3
Qc2 32. c4 Nh4 $1 {[%cal Gh4f5]} 33. Bxh4 Bxh4 {[%csl Rf2]} 34. g3 Bg5 35. R3e2
Qd3 (35... R8d3 36. Qa8+ Rd8 37. Qf3) 36. Qxd3 R2xd3 $17) 28. Nb3 Rd3 $6 $15 (
28... Be7 $142 $1 29. Rd4 (29. Nd4 Bf6 $17) 29... Rxd4 30. Nxd4 Qxa4 $17) 29.
Nxc5 bxc5 30. Qh5 (30. R4e3 c4 {[%csl Ra4]} 31. Rxd3 cxd3 (31... Qxd3 32. Qb7
$132) 32. b3 d2 33. Rd1 e5 $15) 30... Qc6 31. Qe2 ({Worth of attention
exchange sacrifice:} 31. Rxe6 fxe6 32. Qxg6 Rd1 33. Rxd1 Rxd1+ 34. Kh2 Re1 $15)
31... R8d5 32. h4 (32. c4 Rd8 $15 {[%csl Rb2]}) 32... Rd2 33. Qb5 Qxb5 34. axb5
Rxb2 35. c4 Rdd2 36. Ra1 Ne7 (36... Ra2 37. Rxa2 Rxa2 38. Bd6 a5 39. h5 Nf8 40.
Bxc5 Nd7 41. Bd6 Rc2 $132) 37. Be5 $1 (37. Rxa7 $2 Nf5 {[%csl Rg2][%cal Gf5g3,
Gb2g2]} (37... Rd1+ 38. Kh2 Rbb1 39. Kh3 $16) 38. Ra3 (38. Be5 Rb1+ 39. Kh2
Rxf2 $17) 38... Nxg3 39. Rxg3 Rxf2 40. Re5 Rf5 41. Rge3 Rb4 $17) 37... Rb3 (
37... Ra2 $2 38. Rxa2 Rxa2 39. Bd6 $14) 38. Rg4 $2 {White is quite tired of
previous patient defence and puts mistake.} ({Right was} 38. Rxa7 $1 Rb1+ 39.
Kh2 Nf5 {and here} 40. Bg3 $1 ({Not} 40. Rc7 $2 Rxf2 41. Rf4 (41. Rxc5 $4 Rff1
42. Kh3 Rh1+ 43. Bh2 Rb3+ $19) 41... Re2 42. Rc8+ Kh7 43. Rxc5 Ree1 44. Rxf5 $8
exf5 45. Bc7 Rh1+ 46. Kg3 Rb3+ $17) 40... Rdd1 41. Kh3 Rh1+ 42. Bh2 Nd6 43. Rg4
Rb4 44. Rc7 Nxb5 (44... Nxc4 45. Rxc5 Rb3+ 46. Rg3 Rxg3+ 47. Kxg3 Nd2 48. Rc8+
Kh7 49. b6 Rb1 50. Rc6 $11) 45. Rxc5 Nd6 46. f3 $132) 38... Nf5 39. Rf4 (39.
Rxa7 Rb1+ 40. Kh2 Rxf2 $17) 39... f6 $1 {[%csl Re5] with further B restriction.
} 40. Bb8 a6 $1 {[%csl Rb8][%cal Gb3b8]} ({Strong was also} 40... Nd4 $5 {
[%csl Rf4,Rg1][%cal Gd4e2]} 41. Kh2 Rc2 $1 (41... e5 {[%csl Rf2]} 42. Rg4 {
[%csl Ra7,Rg7][%cal Ga1a7,Gg4g7,Ga7g7]} h5 43. Rg3 Rxf2 44. Rxb3 Nxb3 {[%cal
Gf2f4]} 45. Rxa7 Rf4 46. b6 Rxh4+ 47. Kg3 Rg4+ 48. Kf2 Rf4+ 49. Ke3 Rxc4 50. b7
Nd4 51. Bxe5 Nc6 52. Ra6 Rb4 53. Rxc6 Rxb7 $44) 42. Ra4 a6 $1 43. Rxa6 Rxc4 44.
b6 e5 45. Rg4 Kf7 $1 46. h5 (46. Ra7+ $2 Ke6 47. Rgxg7 Nf5 $19 {[%csl Rg7,Rh2]
[%cal Gc4h4]}) (46. Bc7 h5 $17) 46... Rc2 $17) 41. Rxa6 Rb1+ 42. Kh2 Rdd1 {
[%csl Rh2][%cal Gb1h1]} 43. Rxf5 $1 ({Or} 43. Kh3 $2 Rh1+ 44. Kg4 Rxh4+ 45. Kf3
Nd4+ 46. Kg3 Rhh1 47. Re4 h5 $1 (47... e5 48. Bxe5 fxe5 49. Rxe5 {[%csl Rc5]}
Rhc1 (49... Nb3 $2 50. Ra7 $1 {[%csl Rg7]} Rhe1 51. Rxe1 Rxe1 52. b6 $1) 50.
Rxc5 Rb3+ 51. f3 Rb4 $17) 48. Rexe6 Nxe6 49. Rxe6 Rhc1 $19) 43... exf5 44. Rc6
Rd4 45. Rxc5 Rb4 $2 {Maybe decisive mistake! A Beliavsky certainly
underestimated his opponent defence resourses!} ({Wins} 45... Rxh4+ 46. Kg3
Rg4+ 47. Kh2 Rb2 {[%csl Rf2]} 48. Bg3 Rb4 (48... f4 49. Kh3 fxg3 50. Kxg4 gxf2
51. Rf5 Rc2 52. Kg3 Rxc4 53. Kxf2 Kf7 $17) 49. f4 (49. Bd6 Rh4+ $1 {important
intermediate check!} 50. Kg3 Rhxc4 51. Rxc4 Rxc4 52. b6 Rc3+ 53. f3 Rb3 $19)
49... Kf7 $1 $19) 46. g3 Rdxc4 47. Rxf5 Kf7 48. Rd5 Rc2 49. Ba7 Ke6 50. Rd3
Rxb5 51. Kg2 h5 (51... g5 $144 52. hxg5 hxg5 $44) 52. Be3 {This position looks
fortress. Black's plan is to change pair of RR, but White can avoid it! Next
long manoeuvres are eventual useless...} Rcb2 53. Ra3 Kf5 54. Ra7 Kg6 55. Rc7
Rb7 56. Rc6 R2b5 57. Rc4 Re7 58. Kf3 Rbe5 59. Rb4 Kf5 60. Rf4+ Ke6 61. Rb4 Rd7
62. Rb6+ Kf5 63. Rb4 Rd3 64. Rf4+ Ke6 65. Rb4 Ra3 66. Rb7 g6 67. Rb4 Rf5+ 68.
Kg2 Ra6 69. Rc4 Rfa5 70. Re4+ Kf7 71. Rb4 Ra4 72. Rb5 Ke6 73. Kf3 R6a5 74. Rb6+
Kf5 75. Bd2 Rd5 76. Be3 Rda5 77. Rb8 Rd5 78. Rf8 Ra1 79. Rb8 g5 {Black
understood - without this promotion he can't improve his pieces location...}
80. hxg5 fxg5 81. Rf8+ Ke6 82. Re8+ Kf7 83. Rh8 Ra4 84. Rc8 Rb4 85. Kg2 Rb1 86.
Kf3 Rf5+ 87. Ke4 $1 ({Badly is} 87. Kg2 $2 {[%csl Rg2]} g4 $1 {and white Kg2
will be attacked by RR from the first horizontal, White will play f2-f3 and
his fortress will be broken:} 88. Rc2 (88. Bd4 Rd5 89. Rc4 Rd1 90. Be3 Re1 91.
Bd4 Rb5 92. f3 Re2+ 93. Bf2 Rbb2 94. Rf4+ Ke6 95. fxg4 hxg4 96. Rf8 Red2 97.
Kf1 Rb1+ 98. Kg2 Rb5 99. Kg1 Rf5 100. Re8+ Kd7 101. Be1 Kxe8 102. Bxd2 Rf3 $19)
88... Rd5 89. f3 Rb3 90. Kf2 Re5 91. Re2 h4 $1 $19 {[%csl Re3]}) 87... Rbb5 88.
Rc7+ Kg6 (88... Ke6 89. Bd4 $1 h4 90. Rh7 $44) 89. Rc6+ Rf6 {At last Black
forces RR exchange, but Black advantage nevertheless is not sufficient for
victory!} 90. Rxf6+ ({Not} 90. Rc8 $2 h4 91. gxh4 Rb4+ 92. Kd3 gxh4 93. Ke2 Rb1
$19 {[%csl Re2]}) 90... Kxf6 91. Bd4+ Ke6 92. Kf3 Kf5 (92... Rb3+ 93. Be3 Kf5 (
93... Ke5 94. Kg2 g4 $44 {White B has enough place on the a7-e3 diagonal and
Pf2 is not vulnerable.}) 94. g4+ hxg4+ 95. Kg2 $44) (92... Rb4 93. Be3 Kf5 94.
Bc5 Rb3+ (94... Rc4 95. Be3 h4 96. gxh4 gxh4 97. Kg2 Kg4 98. Ba7 h3+ 99. Kh2
$44) 95. Be3 g4+ 96. Kg2 (96. Ke2 Ke4 $19) 96... Rxe3 97. fxe3 Ke4 98. Kf2 Kd3
99. e4 Kxe4 100. Ke2 Kd4 101. Kd2 $11) 93. g4+ $1 hxg4+ 94. Kg2 Rb3 95. Be3 Kg6
96. Bc5 g3 97. f3 $8 (97. fxg3 Kf5 $19) 97... Kf5 98. Bd6 g4 99. Kxg3 gxf3 {
This position is dead draw, but Black tries to win...} ({Or} 99... Rxf3+ 100.
Kg2 $44) 100. Bc5 Ke4 101. Kf2 Rc3 102. Ba7 Rc7 103. Bb6 Rc2+ 104. Kf1 Rc6 (
104... f2 105. Kg2 $1 $44) 105. Ba7 Ra6 106. Bc5 Kf4 107. Bd4 Ra4 108. Bc5 Rc4
109. Ba7 Rb4 110. Bc5 Rb5 111. Bd4 Kg4 112. Kf2 Rb4 113. Bc5 Rb2+ 114. Kf1 Rc2
115. Ba7 Rb2 116. Bc5 Rb5 117. Bd4 Kf4 118. Kf2 Rd5 119. Bb6 Rd7 120. Be3+ Kg4
121. Bb6 Rb7 122. Bc5 Rb5 123. Bd4 Rh5 124. Bb6 Rh2+ 125. Kf1 f2 126. Ke2 Kg3
127. Bc5 1/2-1/2